000 00576nam a2200169Ia 4500
008 090201s9999 xx 000 0 und d
010 _aKPL-74371
040 _bमराठी
041 _aमराठी
082 _a54869
_b74371
100 _aअनेक वाचक
245 _aब्राम्हण मानस
_cअनेक वाचक
260 _c2008
_bविद्वेषाच्या विरोधात जागृती मंच
300 _a215
_bमध्यम
600 _aब्राम्हण मानस
942 _cBOOK
999 _c251194
_d251194